Just and painful : a case for the corporal punishment of criminals /

Bibliographic Details
Main Author: Newman, Graeme R.
Format: Book
Language:English
Published: New York : London : Macmillan ; Collier Macmillan, [1983]
Subjects:

MARC

Tag First Indicator Second Indicator Subfields
LEADER 00000pam a2200000 a 4500
001 in00000517841
005 20151013074346.0
008 830727s1983 nyu b 00110 eng
010 |a  82084406  
020 |a 0029231302 
020 |z 0911577009 
035 |a (OCoLC)09827337 
035 |9 ACE6830AM 
039 0 |a 2  |b 3  |c 3  |d 3  |e 3 
040 |a DLC  |c DLC  |d TXA  |d UtOrBLW 
049 |a TXAM 
050 0 0 |a HV8693  |b .N48 1983 
082 0 |a 364.6/7  |2 19 
100 1 |a Newman, Graeme R. 
245 1 0 |a Just and painful :  |b a case for the corporal punishment of criminals /  |c Graeme Newman. 
264 1 |a New York :  |b Macmillan ;  |a London :  |b Collier Macmillan,  |c [1983] 
264 4 |c ©1983 
300 |a 163 pages ;  |c 23 cm. 
336 |a text  |b txt  |2 rdacontent 
337 |a unmediated  |b n  |2 rdamedia 
338 |a volume  |b nc  |2 rdacarrier 
500 |a "Harrow and Heston/Macmillan book." 
504 |a Includes bibliographical references and index. 
650 0 |a Punishment. 
650 0 |a Criminal justice, Administration of. 
650 0 |a Corporal punishment. 
650 0 |a Pain. 
650 0 |a Social justice. 
999 |a MARS 
999 f f |s f941890c-1b68-3331-89c3-63023e1f8c39  |i 3b5279c3-adee-3a2d-9817-8fce48a454f0  |t 0 
952 f f |p ric  |a Texas A&M University  |b Rellis Campus  |c Joint Library Facility  |d Remote Storage  |t 0  |e HV8693 .N48 1983  |h Library of Congress classification  |i unmediated -- volume  |m A14807913219 
998 f f |a HV8693 .N48 1983  |t 0  |l Remote Storage